000 00388nam a22001337a 4500
008 250305b |||||||| |||| 00| 0 eng d
020 _a9221055094
050 _aHD88
_b.R46
100 _aRENSHAW, Geoffrey
245 _aAdjusment and Economic Performance in Industrialised Countries
260 _aSwitzerland
_bInternational Labour Organization
_c1986
300 _avii, 180p.
942 _cBK
999 _c2099
_d2099